[Event "Hastings Masters 2022/23"]
[Site "Hastings"]
[Date "2023.01.06"]
[Round "10.36"]
[White "Dhanuka Aman"]
[Black "Kelly, Paul J"]
[Result "1/2-1/2"]
[WhiteElo "1194"]
[BlackElo "1842"]
[PlyCount "142"]
[EventDate "2022.12.28"]
[EventType "swiss"]
[EventRounds "10"]
[EventCountry "ENG"]

1. e4 e5 2. Nf3 Nc6 3. Nc3 Nf6 4. d4 exd4 5. Nxd4 Bb4 6. Nxc6 Bxc3+ 7. bxc3
bxc6 8. Ba3 d6 9. Bd3 O-O 10. O-O Re8 11. Re1 Bb7 12. Rb1 Rb8 13. f4 Ba8 14.
Rxb8 Qxb8 15. e5 Nd5 16. exd6 Rxe1+ 17. Qxe1 cxd6 18. c4 Nxf4 19. Qe3 Nxd3 20.
Qxd3 c5 21. Qd2 Qb1+ 22. Kf2 Qb7 23. Kg1 Qe4 24. Bxc5 Qxg2+ 25. Qxg2 Bxg2 26.
Bxa7 Be4 27. Bb8 Bxc2 28. Bxd6 f5 29. Kf2 Kf7 30. Kf3 Ke6 31. c5 g5 32. Kg3 h5
33. Kf3 h4 34. h3 Be4+ 35. Kf2 Bc6 36. Bc7 f4 37. Bd8 Kf5 38. Be7 Bd7 39. Bd8
Kg6 40. Kg2 Kh5 41. Bc7 Bc6+ 42. Kf2 f3 43. a4 Bd7 44. Kxf3 Bxh3 45. a5 Bd7 46.
a6 Bc6+ 47. Kf2 Kg4 48. Bd8 Kf5 49. Be7 Kf4 50. Bd8 Kg4 51. Be7 Kh5 52. Bd8 g4
53. Bc7 Kg5 54. Bd8+ Kh5 55. Bc7 Kg6 56. Bd6 Kf5 57. Bc7 Ke4 58. Bb8 Kd4 59.
Bd6 Kc4 60. Bc7 Kxc5 61. Bf4 Kb6 62. Be5 Kxa6 63. Bd6 Kb5 64. Bb8 Kc4 65. Bd6
Kd4 66. Bc7 Be4 67. Bb8 Kd5 68. Bc7 Ke6 69. Bb8 Kf5 70. Bc7 Bc6 71. Bb8 g3+
1/2-1/2

[Event "Hastings Masters 2022/23"]
[Site "Hastings"]
[Date "2023.01.06"]
[Round "10.37"]
[White "Shepley, Julien M"]
[Black "Kumar, Soham"]
[Result "0-1"]
[WhiteElo "1848"]
[BlackElo "1844"]
[PlyCount "50"]
[EventDate "2022.12.28"]
[EventType "swiss"]
[EventRounds "10"]
[EventCountry "ENG"]

1. e4 c5 2. Nc3 g6 3. d4 Bg7 4. dxc5 Qa5 5. Bd2 Qxc5 6. Nd5 b6 7. Bb4 Qc6 8.
Bb5 Qb7 9. Nf3 a6 10. Bd3 Nc6 11. Bc3 Nf6 12. Nxf6+ exf6 13. O-O O-O 14. Qd2
Ne5 15. Nd4 d5 16. Rae1 Nxd3 17. Qxd3 dxe4 18. Qxe4 f5 19. Qxb7 Bxb7 20. Re7
Bd5 21. a3 Rfd8 22. Rd1 Be4 23. Rd2 Bf8 24. Rc7 Bd6 25. Rc6 Bf4 0-1

[Event "Hastings Masters 2022/23"]
[Site "Hastings"]
[Date "2023.01.06"]
[Round "10.38"]
[White "Flynn, David"]
[Black "Butt, Laurence"]
[Result "1-0"]
[WhiteElo "1872"]
[BlackElo "1740"]
[PlyCount "99"]
[EventDate "2022.12.28"]
[EventType "swiss"]
[EventRounds "10"]
[EventCountry "ENG"]

1. e4 c5 2. Nc3 Nc6 3. Bb5 Nd4 4. Nf3 Nxb5 5. Nxb5 a6 6. Nc3 g6 7. d4 c4 8. a4
Bg7 9. Bg5 h6 10. Be3 d6 11. Qd2 Bd7 12. O-O e6 13. Rfe1 Ne7 14. d5 e5 15. Qe2
Rc8 16. a5 O-O 17. Nd2 Bb5 18. Nxb5 axb5 19. c3 f5 20. f3 f4 21. Bb6 Qd7 22.
Rec1 g5 23. Rab1 Ng6 24. b3 h5 25. bxc4 bxc4 26. Nxc4 g4 27. Bf2 gxf3 28. gxf3
Bf6 29. Nb6 Qg7 30. Nxc8 Nh4+ 31. Kf1 Qg2+ 32. Ke1 Nxf3+ 33. Kd1 Rxc8 34. Rxb7
Qh1+ 35. Kc2 Rxc3+ 36. Kxc3 Qxc1+ 37. Qc2 Qa1+ 38. Kb4 Bg7 39. Qc8+ Kh7 40.
Qf5+ Kh6 41. Qe6+ Kh7 42. Qf7 Qb1+ 43. Ka4 Qxe4+ 44. Kb5 Qg6 45. Qxg7+ Qxg7 46.
Rxg7+ Kxg7 47. a6 e4 48. a7 e3 49. a8=Q exf2 50. Qa7+ 1-0

[Event "Hastings Masters 2022/23"]
[Site "Hastings"]
[Date "2023.01.06"]
[Round "10.39"]
[White "Jakhria, Kushal"]
[Black "Bryant, Harry"]
[Result "1-0"]
[WhiteElo "1726"]
[BlackElo "1510"]
[PlyCount "95"]
[EventDate "2022.12.28"]
[EventType "swiss"]
[EventRounds "10"]
[EventCountry "ENG"]

1. d4 Nf6 2. c4 e6 3. Nf3 d5 4. g3 Bb4+ 5. Bd2 Be7 6. Qc2 O-O 7. Bg2 c6 8. O-O
Nbd7 9. Bf4 Nh5 10. Bc1 b6 11. b3 Ba6 12. Nbd2 Nhf6 13. e4 Nxe4 14. Nxe4 dxe4
15. Qxe4 Rc8 16. Rd1 Nf6 17. Qc2 Qc7 18. Bf4 Bd6 19. Ne5 Nh5 20. Qe4 Nxf4 21.
gxf4 f5 22. Qxc6 Qe7 23. Qf3 Kh8 24. Qh5 Rf6 25. Re1 Bxe5 26. Rxe5 Qd7 27. d5
Rh6 28. Qe2 Re8 29. Re1 Bc8 30. Rxf5 Qd6 31. Re5 Qb4 32. f5 Qe7 33. fxe6 Qh4
34. h3 Rg6 35. Qe4 Qh6 36. Re3 Bb7 37. Qf5 Rf6 38. Qh5 Qf4 39. Qxe8+ Rf8 40.
Qxf8+ Qxf8 41. e7 Qe8 42. Rf3 Kg8 43. Rf8+ Qxf8 44. exf8=Q+ Kxf8 45. d6 Bc8 46.
Bc6 Bxh3 47. f4 Kf7 48. f5 1-0